| 000 | 01402nam a22002655i 4500 | ||
|---|---|---|---|
| 001 | 160212 | ||
| 003 | ES-MaACL | ||
| 005 | 20230906211952.0 | ||
| 008 | 940202m18901892sp a |||| | spa d | ||
| 040 |
_aAR _bspa |
||
| 100 | 0 |
_aMoret, José de. _983472 |
|
| 245 | 1 | 0 |
_aAnales del Reino de Navarra / _ccompuesto por José de Moret. |
| 260 |
_aTolosa : _bEstab. Tip. y Casa editorial de Eusebio López, _c1890-1892. |
||
| 300 |
_a12 v., [1] h. de lám. : _bil. ; _c24 cm. |
||
| 505 | 8 | _aEmpeños del valor y bizarros desempeños o sitio de Fuenterrabia... libro primero: p. 325-394 del T. XI | |
| 594 | _aTit., en los t. VIII y IX: "Investigaciones históricas de las antigüedades del Reino de Navarra" | ||
| 594 | _aTit. en los t. X y XI: "Congresiones apologéticas sobre la verdad de las investigaciones históricas de las antigüedades del Reino de Navarra" | ||
| 594 | _aTit. en el t. XII: "Anales del Reino de Navarra. Continuación del sitio de Fuenterrabía" | ||
| 596 | _aMarca de ed.: "F. Jorga", al v. de la port. | ||
| 597 | _aPort. con esc. xil. de Navarra. | ||
| 599 | _aFront. Litogr.: "Thomas sc., J. Mounser", con el esc. de Navarra y los de las ciudades principales del Reino. | ||
| 599 | _aIl., algunas firmadas por: "Thomas su. J. Mounies" y "Mass" | ||
| 651 | 4 |
_aNavarra (Reino)- _xHistoria. _99115 |
|
| 852 |
_aES-MaACL _jF-2224-29 _z-- Enc. tela _z-- 12 t. en 6 v. |
||
| 999 |
_c160212 _d160212 |
||